Trouvez les joueurs masculins les plus titrés - Open d'Australie - Statistiques

Statistiques générales
  • Ce quiz a été pris 26 fois
  • Le résultat moyen est 4 sur 8
Statistiques - réponses
Nombre et date de chaque victoires Origines Joueurs % Correct
10 victoires : 2008, 2011, 2012, 2013, 2015, 2016, 2017, 2019, 2021, 2023 Serbe Novak Djokovic
100%
6 victoires : 2004, 2006, 2007, 2010, 2017, 2018 Suisse Roger Federer
96%
4 victoires : 1995, 2000, 2001, 2003 Américain Andre Agassi
68%
3 victoires : 1983, 1984, 1988 Suédois Mats Wilander
52%
4 victoires : 1960, 1961, 1962, 1969 Australien Ken Rosewall
24%
6 victoires : 1961, 1963, 1964, 1965, 1966, 1967 Australien Roy Emerson
16%
3 victoires : 1936, 1940, 1948 Australien Adrian Quist
8%
4 victoires : 1931, 1932, 1933, 1934 Australien Jack Crawford
4%
Aucun quiz correspondant
Distribution des résultats
% des personnes avec chaque résultat
Percentile par nombre de réponses
Votre historique - résultats
Vous n’avez pas pris ce quiz